Superman lyrics - Statistics

General Stats
  • This quiz has been taken 133 times
  • The average score is 258 of 363
Answer Stats
Lyrics % Correct
I
94%
Superman
90%
you
90%
You
90%
you?"
90%
you,
90%
a
87%
the
86%
and
85%
And
85%
be
83%
He
83%
he
83%
to
83%
me
82%
fly
77%
save
77%
when
77%
When
77%
world
77%
world,
77%
away
76%
go
76%
Go
76%
hear
76%
I'll
76%
watch
75%
dark
72%
day
72%
day,
72%
don't
72%
Don't
72%
got
72%
in
72%
love
72%
on
72%
so
72%
Tall
72%
around
70%
busy
70%
here
70%
here,
70%
know
70%
today
70%
You've
70%
But
69%
but
69%
Come
69%
come
69%
then
69%
with
69%
are
68%
forget
68%
forget,
68%
his
68%
how
68%
"How
68%
if
68%
it's
68%
say
68%
say,
68%
always
66%
He's
66%
he's
66%
"Just
66%
some
66%
back,
65%
back
65%
ground
65%
that
65%
him
63%
miss
63%
right
63%
Right
63%
someday
63%
tell
63%
thing
63%
down
62%
girl
62%
eyes,
61%
eyes
61%
fine"
61%
hope
61%
I'm
61%
or
61%
work,
61%
from
59%
same
59%
word
59%
about
58%
ever
58%
much
58%
father's
56%
forever
56%
mother's
56%
not
56%
other
56%
take
56%
where
56%
beautiful
55%
'Cause
55%
knows
55%
wonder
55%
yeah
55%
ambition
54%
puts
54%
smile
54%
very
54%
first
52%
loved
52%
was
52%
brown
51%
let
51%
like
51%
never
51%
briefcase
49%
every
49%
Something
49%
were
49%
can't
48%
has
48%
papers
48%
deep
46%
drives
46%
far
46%
flowers
46%
they
46%
wishing
46%
Wishing
46%
card
45%
irrational
45%
complicated,
44%
said,
42%
single
42%
looking
41%
out
41%
reputation
41%
bad
38%
one
38%
places
38%
window
38%
call
35%
lovestruck
32%
as
30%
singin'
28%
this
23%
swear
21%
old
6%
really
4%
No matching quizzes found
Score Distribution
Percent of People with Each Score
Percentile by Number Answered
Your Score History
You have not taken this quiz